Представление документа в формате RUSMARC

ПолеНазваниеЗначение
  Тип записи a
  Библиографический уровень m
001 Контрольный номер RU/CBS_UL/BASE/666782238
005 Дата корректировки 20240209174950.5
010 Индекс ISBN __
d Цена 80 к.
9 Тираж 100 000 экз.
100 Данные общей обработки __
a Данные общей обработки 20210216d2021 ||| 0rusy0189 ca
101 Язык документа 0_
a Язык текста rus
102 Страна публикации __
a Страна публикации RU
105 Кодированные данные (монография) __
a Кодированные данные (монография) y###||||000|y
181 Поле кодированных данных: вид содержания _1
a Код вида содержания (ISBD) i#
b Код характеристики содержания (ISBD) #xxe##
d i
g x
h x
i e
182 Поле кодированных данных: тип средства _1
a Код типа средства (ISBD) n
2 Код системы (источник кода, отличный от ISBD) isbdmedia
200 Заглавие и сведения об ответственности 1_
a Заглавие Чехословакия
b Общее обозначение материала Текст
e Сведения, относящиеся к заглавию 1945
e Сведения, относящиеся к заглавию путь к освобождению
e Сведения, относящиеся к заглавию сборник
g Последующие сведения об ответственности сост. Ю. Н. Щербаков
w Текст (визуальный) : непосредственный
203 Вид содержания и тип средства __
a Вид содержания Текст
b Характеристика содержания визуальный
c Тип средства непосредственный
210 Выходные данные 1_
a Место издания Москва
c Издательство Политиздат
d Дата издания 1985
215 Физическое описание __
a Объем 335 с.
d Формат 20 см.
300 Общие примечания __
a Общие примечания Под инв. номером 14730: Ц-1, 2-1, 3-1, 4-1, 6-1, 15-2, 21-1
333 Примечание о целевом назначении __
a Примечание о целевом назначении 16+
606 Тематические рубрики 0_
a Основная рубрика Чехословакия - Воспоминания и записки
610 Ключевые слова 0_
a Ключевые слова война Великая Отечественная
a Ключевые слова Советская Армия на фронтах ВОВ
a Ключевые слова чехословацкие части на фронтах ВОВ
a Ключевые слова Словацкое восстание
a Ключевые слова освобождение Чехословакии
686 Индексы других классификаций __
a Классификационный индекс 63.3(4Чех)
2 Код системы rubbk
801 Источник записи _0
a Страна RU
b Организация МБУК ЦБС
c Дата составления 20210216
g Правила каталогизации RCR
801 Источник записи _1
a Страна RU
b Организация МБУК ЦБС г. Ульяновска
c Дата составления 20210216
g Правила каталогизации RCR
899 Данные о местонахождении __
i Авторский знак Ч-56
j Расстановочный фильтр 63.3(4)
901 Тип документа __
t Тип документа m
910 Корректоры записи __
a Корректор записи Даудова